| 000 | 01061nam1a22002411i 4500 | ||
|---|---|---|---|
| 001 | rc\4724724 | ||
| 005 | 20260407105338.0 | ||
| 035 | _a(NLR Aleph) 008730394 | ||
| 090 |
_a9473407 _c9473407 |
||
| 100 | _a20130416d1960 |||y0rusy50 ca | ||
| 101 | 0 | _arus | |
| 102 | _aRU | ||
| 105 | _a z ||||| | ||
| 200 | 1 |
_aСерия типовых проектов четырех, пятиэтажных крупнопанельных жилых домов 1-464-Т _fЦентр. ин-т типовых проектов Главстройпроекта Госстроя СССР |
|
| 210 |
_aМосква _cБ. и. _d1960 |
||
| 215 | _d39х58 | ||
| 300 | _aОтпеч. множит. аппаратом | ||
| 606 |
_aЖилые здания, многоэтажные, крупнопанельные _jПроекты и чертежи _2psbo |
||
| 712 | 0 | 2 |
_aЦентральный институт типовых проектов _cМосква _9368824 _3RU\NLR\AUTH\889937021 |
| 801 | 0 |
_aRU _bNLR _gpsbo |
|
| 801 | 1 |
_aRU _bELAR _2rusmarc |
|
| 852 |
_aNLR _j60-10/402 |
||
| 942 | _cBOOK | ||